000 00637cam a22002293a 4500
001 26308
003 PGUSA
005 20140828083551.0
008 080813s2008||||xxu|||||s|||||000 | eng d
040 _aPGUSA
_beng
042 _adc
050 4 _aBV
100 1 _aWare, Henry,
_d1794-1843
245 1 0 _aHints on Extemporaneous Preaching
_h[electronic resource] /
_cHenry Ware
260 _bProject Gutenberg,
_c2008
506 _aPublic domain in the USA.
516 _aElectronic text
653 _aExtemporaneous preaching
830 0 _aProject Gutenberg
_v26308
856 4 0 _uhttp://www.gutenberg.org/ebooks/26308
942 _cEB
999 _c255563
_d255563